000
00225nam a2200085Ia 4500
245
0
_a
The boy next door
100
_a
Sabatini, Irene London, 2010 - [c.2009]
942
_c
BK
008
210817s9999 xx 000 0 und d
999
_c
272503
_d
272502